Lego Guardians of the Galaxy Minifigures - Statistics

General Stats
  • This quiz has been taken 32 times
  • The average score is 11 of 16
Answer Stats
Answer % Correct
Drax
100%
Groot
100%
Rocket
100%
Starlord
100%
Gamora
91%
Nebula
87%
Yondu
83%
Mantis
78%
Ronan
70%
Taserface
65%
Adam Warlock
48%
Thanos
48%
Ayesha
39%
Collector
39%
Novacorps
30%
Sakaaran
17%
No matching quizzes found
Score Distribution
Percent of People with Each Score
Percentile by Number Answered
Your Score History
You have not taken this quiz